LDR 01046naa#a2200169#i#450# 001 RU\\bibl\119129 005 20260703060758.5 011 ## _a2227-1171 100 ## _a20260630b2026####ek#y0rusy0150####ca 102 ## _aRU 200 1# _aК ВОПРОСУ ОРГАНИЗАЦИИ ЗАГРАНИЧНОГО ПОЛИТИЧЕСКОГО РОЗЫСКА РОССИЙСКОЙ ИМПЕРИИ В 1881–1917 ГОДАХ _eЖурнальная статья 210 1# _aКазань _cКазанский юридический институт МВД России _d2026 215 ## _a7 с. 608 ## _aЖурнальная статья _2local 675 ## _aПолитика. 32 _aПраво. Юридические науки. 34 _aГосударственное административное управление. Военное искусство. Военные науки. 35 _aОрганы охраны общественного порядка. Милиция. Полиция. 351.74 _z 700 #1 _aЕпифанов _gАлександр Егорович 856 4# _avestnikkui.ru _u